| 000 | 00966cad a22002175a 4500 | ||
|---|---|---|---|
| 001 | L153973 | ||
| 008 | 110928s2011 xxkabdof s 000 0 eng d | ||
| 035 | _a(Sirsi) u153973 | ||
| 041 | 0 | _aeng | |
| 050 | 0 | 4 | _a338.4569 $2 18 |
| 110 | 2 |
_aConstruction Skills _95689 |
|
| 245 | 0 | 0 |
_aTraining and skills in the construction sector _bJune 2011 _h[electronic resource] |
| 260 |
_a[S.l.] _bConstruction Skills _c2011 |
||
| 520 | _aThis skills and training research was commissioned by ConstructionSkills in December 2010. It replicates research last conducted within the industry in summer 2009, and uses many of the same questions as the National Employer Skills Survey (NESS). | ||
| 521 | 2 | _aAdvanced | |
| 590 | _aKA NTK | ||
| 651 | 4 |
_aUnited Kingdom _y |
|
| 690 | _aBUILT ENVIRONMENT-CONSTRUCTION MARKET | ||
| 856 | 4 | 0 |
_uhttps://www.cskills.org/uploads/Training-Skills-Survey-Reports_tcm17-27270.pdf _zView the report free of charge at www.cskills.org |
| 942 | _n0 | ||
| 999 |
_c112788 _d112788 |
||